| 000 | 00644nam a22001817a 4500 | ||
|---|---|---|---|
| 999 |
_c14903 _d14903 |
||
| 003 | OSt | ||
| 082 | _2631.75807 AJI/PE | ||
| 088 | _aP 385 | ||
| 100 |
_aAJI E.B _aFASEELA O.A _93969 |
||
| 245 | _aPerformance Evaluation of Vertical Farming Structures | ||
| 260 |
_aTavanur 2017 _bDepartment of Land & Water Resources and Conservation Engineering |
||
| 300 | _a50 | ||
| 500 | _aPerformance Evaluation of Vertical Farming Structures | ||
| 520 | _aPerformance Evaluation of Vertical Farming Structures | ||
| 700 |
_aEr. Priya G. Nair (Guide) _93444 |
||
| 856 | _uhttps://drive.google.com/open?id=1vnZoOZx52uKGmhEm9qzf-VGYZ7MNtrZB | ||
| 942 | _cPR | ||